000 00659nam a2200229 i 4500
001 41910
003 ES-MaACL
005 20230906160520.0
007 t|
008 030312s1976 sp ||||1| spa d
100 1 _aCasas, J.
_9181915
245 1 0 _aMecanismos de reacción en química orgánica
_b: algunos problemas singulares /
_cJ. Casas, A. Messeguer, P. Sola.
250 _a[1ª ed.].
260 _a[Madrid] :
_bAlhambra,
_c[1976]
300 _a103 p. ;
_c20 cm.
490 1 _aVertix
700 1 _aMesseguer, A.
_980679
700 1 _aSola, P.
_9107048
830 0 _aVertix
_9180780
852 _aES-MaACL
_jA-5730
_bR.94788
999 _c41910
_d41910